Window dressing

Medzi hlavné techniky, ktoré podnik používa na svoje prezentovanie v lepšom svetle patrí aj Window dressing. Podanie zavádzajúceho obrazu finančnej pozície podniku. Zámerné vylepšovanie pomerových ukazovateľov.

Guardado en:
Detalles Bibliográficos
Autor principal: Kubaščíková, Zuzana, 1982-
Formato: Capítulo de libro
Lenguaje:eslovaco
Materias:
Etiquetas: Agregar Etiqueta
Sin Etiquetas, Sea el primero en etiquetar este registro!

MARC

LEADER 00000naa$a2200000$$$4500
001 0083298
005 20240502071934.0
041 0 |a slo 
044 |a SK 
245 1 0 |a Window dressing  |c Zuzana Kubaščíková 
520 |a Medzi hlavné techniky, ktoré podnik používa na svoje prezentovanie v lepšom svetle patrí aj Window dressing. Podanie zavádzajúceho obrazu finančnej pozície podniku. Zámerné vylepšovanie pomerových ukazovateľov. 
610 2 0 |a účtovníctvo 
610 2 0 |a výkazy finančné 
610 2 0 |a etika 
610 2 0 |a podnik 
100 1 |a Kubaščíková, Zuzana, 1982-